000 00816 a2200217 4500
008 240605b mp ||||| |||| 00| 0 mon d
020 _a978-99973-1-001-9
035 _a4824
040 _aHE0623081
_bmon
_cMN-UlNLM
_dMN-UlNLM
_erda
041 _amon
042 _a8081
084 _2NNA
_a26.1я6
_bД.893
245 0 _aДэлхийн хураангуй атлас
264 _aУБ.
_bМонсудар хэвлэлийн газар
_c2013
300 _a350х.
336 _2rdacontent
_atext
_btxt
337 _2rdamedia
_aunmediated
_bn
338 _2rdacarrier
_avolume
_bnc
650 _aАтлас, Дэлхийн улсууд Дэлхий Хойд Америк Өмнөд Америк Африк Европ Ази Австрали- Ази далайн орнууд Монсудар...
942 _2NNA
_cBK
999 _c877205
_d877262